00548nam a2200169Ia 450000500170000000800410001702000150005808200140007310000160008724500490010326000510015230000180020350000410022194200060026295200950026899900150036320250121015109.0240331s9999 xx 000 0 und d a955926107x bLIYa2670 aLiyanage, P 0aVivi :ba biography of Vivienne Goonewardena aColombobWomen's Education and Research Centre axix, 103 p ., aA Biography of Vivienne Goonewardena cL 001040708LaWERCLbWERCLcSSCd2024-03-31l0o 920 LIYp2670r2024-03-31w2024-03-31yL c3537d3537